=LDR 00000nam 2200000 4500 =001 INLIS000000000007691 =005 20260129085626 =035 ##$$a 0010-0126000260 =007 ta =008 260129################g##########0#ind## =020 ##$$a 978-979-15523-6-3 =082 ##$$a 305.230 7 BAD k =084 ##$$a 305.230 7 BAD k M. k =100 #$$a M. MASRI MUADZ =245 1#$$a KETERAMPILAN HIDUP (LIFE SKILLS) /$c BKKBN =250 ##$$a - =260 ##$$a Jakarta :$b BKKBN,$c 2010 =300 ##$$a V, 109 : $b - ; $c 22 cm$e - =700 #$$a SITI FATHONAH =520 ##$$a Buku ini tentang keterampilan hidup =600 #4$$a - =856 ##$$a Perpustakaan UPT. Balai Diklat KKB Jember